Digital Technology Principles and Practice (Record no. 8530)

MARC details
000 -LEADER
fixed length control field 00417nam a2200169Ia 4500
008 - FIXED-LENGTH DATA ELEMENTS--GENERAL INFORMATION
fixed length control field 230524s9999 xx 000 0 und d
020 ## - INTERNATIONAL STANDARD BOOK NUMBER
ISBN 8122407889
082 ## - DEWEY DECIMAL CLASSIFICATION NUMBER
Classification number 621.3812
Item number KUM
100 ## - MAIN ENTRY--AUTHOR NAME
Personal name Virendra Kumar
245 #0 - TITLE STATEMENT
Title Digital Technology Principles and Practice
250 ## - EDITION STATEMENT
Edition statement *
260 ## - PUBLICATION, DISTRIBUTION, ETC. (IMPRINT)
Place of publication KALCUTTA
Name of publisher New Age
Year of publication 2002
300 ## - PHYSICAL DESCRIPTION
Number of Pages XV;674
500 ## - GENERAL NOTE
General note Quantity Number: 4
650 ## - SUBJECT ADDED ENTRY--TOPICAL TERM
Topical Term Electronics
942 ## - ADDED ENTRY ELEMENTS (KOHA)
Koha item type Books
Holdings
Lost status Damaged status Permanent Location Current Location Shelving location Date acquired Full call number Accession Number Koha item type
    Central Library, Trident Academy of Technology Central Library, Trident Academy of Technology General Stacks 05/24/2023 621.3812 KUM 1465 Books
    Central Library, Trident Academy of Technology Central Library, Trident Academy of Technology General Stacks 05/24/2023 621.3812 KUM 1466 Books
    Central Library, Trident Academy of Technology Central Library, Trident Academy of Technology General Stacks 05/24/2023 621.3812 KUM 16344 Books
    Central Library, Trident Academy of Technology Central Library, Trident Academy of Technology General Stacks 05/24/2023 621.3812 KUM 18772 Books
Trident Academy of Technology © 2023.
All rights reserved.                                                                                                                                                                                                        Designed by Team of Central Library .

Powered by Koha